000 00480cam a2200193ua 4500
001 6498
005 20260515114047.0
008 131216n ii |||gr||||Z||||||eng
040 _cMAIN
082 _a346.065
245 _aMercantile law
_cBy S.M. Shukla
260 _aDelhi:
_bSBD publishers distributors,
_c1998.
300 _ax,342p.
653 _aCommerce
653 _aMercantile law
700 _aShukla,S.M.,
_eAuthor.,
700 _aSaxena,R.S.,
_eAuthor.
942 _cBK
999 _c5642
_d5642